| 000 | 01240cam a2200337 i 4500 | ||
|---|---|---|---|
| 001 | 17816884 | ||
| 003 | PILC | ||
| 005 | 20160309165232.0 | ||
| 008 | 130718s2015 maua 001 0 eng | ||
| 010 | _a 2013028643 | ||
| 020 | _a9780132840149 (alk. paper) | ||
| 020 | _a0132840146 (alk. paper) | ||
| 040 |
_aDLC _beng _cDLC _erda _dDLC |
||
| 042 | _apcc | ||
| 050 | 0 | 0 |
_aTD 145 _b.N38 2015 |
| 082 | 0 | 0 | _a628 |
| 100 | 1 | _aNathanson, Jerry A. | |
| 245 | 1 | 0 |
_aBasic environmental technology : _bwater supply, waste management, and pollution control / _cJerry A. Nathanson, MS, PE, Emeritus Professor Union County College Cranford, New Jersey, Richard A. Schneider, MS, PE, Instructor, Madison Area Technical College Madison, Wisconsin. |
| 250 | _a6th edition. | ||
| 260 |
_aBoston : _bPearson, _c2015. |
||
| 300 |
_aix, 446 pages : _billustrations ; _c29 cm |
||
| 500 | _aIncludes index. | ||
| 650 | 0 | _aEnvironmental engineering. | |
| 650 | 0 | _aWater-supply. | |
| 650 | 0 | _aSanitary engineering. | |
| 650 | 0 | _aPollution. | |
| 700 | 1 | _aSchneider, Richard A. | |
| 906 |
_a7 _bcbc _corignew _d1 _eecip _f20 _gy-gencatlg |
||
| 942 |
_2lcc _cBK |
||
| 999 |
_c291511 _d291511 |
||